| 000 | 01804nam a22002897a 4500 | ||
|---|---|---|---|
| 005 | 20100811102945.0 | ||
| 010 | _aB-454050 B-463166-170 | ||
| 020 |
_a9780670085569 _c350.00 |
||
| 035 | _aB-454050 B-463166-170 | ||
| 037 | _bR.B.C/Ven | ||
| 082 | _a881 | ||
| 100 |
_aGuru gobind Singh _951990 |
||
| 245 |
_aZafarnama / _cby Guru Gobind Singh ; translated by Navtej Sarna |
||
| 260 |
_aNew Delhi _bPenguin Books _c2011 |
||
| 270 |
_a11 Community Centre,Panchsheel Park, _bNew Delhi _e110017 |
||
| 300 |
_axxxii,113p. _c21cm (Hb) |
||
| 700 |
_aSarna, Navtej _942810 |
||
| 942 |
_2ddc _cEN _mGUR _h881 |
||
| 999 |
_c63321 _d63321 |
||